000 00629nam a2200241Ia 4500
003 OSt
005 20220918194430.0
006 a|||||r|||| 00| 0
007 ta
008 220917b |||||||| |||| 00| 0 eng d
024 _a79,421
037 _cTextual
040 _aARTS
_cARTS
_beng
041 _2eng
_aeng
082 _aS:4, K41
100 _aMendick Sarnoff A
_984901
245 0 _aLearning
260 _c1964
490 _aFoundations of modern psychology series ed by Richard S Lazarus
650 _aTHEORY OF KNOWLEDGE
942 _hS:4, K41
_cTEXL
_2CC
999 _c203147
_d203147